| 000 | 00436nam a2200169 4500 | ||
|---|---|---|---|
| 020 | _a9789388768757 | ||
| 082 |
_aM4 _bPRA/M |
||
| 100 | _aPrakash Babu P V | ||
| 245 |
_aMaranam chumbicha bhavana/ _cby Prakash Babu P V |
||
| 260 |
_aThrissur: _bKerala sahitya academi, _c2024. |
||
| 300 | _a643p. | ||
| 650 | _aEssays Malayalam | ||
| 650 | _aLiterature Malayalam | ||
| 650 | _aLiterature | ||
| 700 | _aAnil K M(ed.) | ||
| 942 | _cBK | ||
| 999 |
_c181761 _d181761 |
||